TF2 - Melee Weapons Quiz - Statistics

General Stats
  • This quiz has been taken 25 times
  • The average score is 47 of 83
Answer Stats
Scout % Correct
Bat
87%
Fire Axe
87%
Bottle
80%
Fists
80%
Knife
80%
Market Gardener
80%
Shovel
80%
Bonesaw
73%
Claidheamh Mòr
73%
Eureka Effect
73%
Gloves of Running Urgently
73%
Jag
73%
Ubersaw
73%
Wrench
73%
Atomizer
67%
Axtinguisher
67%
Batsaber
67%
Disciplinary Action
67%
Eyelander
67%
Golden Wrench
67%
Killing Gloves of Boxing
67%
Kukri
67%
Southern Hospitality
67%
Vita-saw
67%
Boston Basher
60%
Bushwacka
60%
Conscientious Objector
60%
Equalizer
60%
Escape Plan
60%
Eviction Notice
60%
Fists of Steel
60%
Half-Zatoichi
60%
Homewrecker
60%
Lollichop
60%
Nessie's Nine Iron
60%
Pain Train
60%
Persian Persuader
60%
Solemn Vow
60%
Sun-on-a-Stick
60%
Your Eternal Reward
60%
Amputator
53%
Back Scratcher
53%
Conniver's Kunai
53%
Fan O'War
53%
Frying Pan
53%
Golden Frying Pan
53%
Gunslinger
53%
Holiday Punch
53%
Holy Mackerel
53%
Maul
53%
Neon Annihilator
53%
Postal Pummeler
53%
Powerjack
53%
Sandman
53%
Scottish Handshake
53%
Shahanshah
53%
Sharpened Volcano Fragment
53%
Spy-Cicle
53%
Third Degree
53%
Three-Rune Blade
53%
Tribalman's Shiv
53%
Ullapool Caber
53%
Unarmed Combat
53%
Wrap Assassin
53%
Apoco-Fists
47%
Candy Cane
47%
Hot Hand
47%
Scotsman's Skullcutter
47%
Wanga Prick
47%
Warrior's Spirit
47%
Big Earner
40%
Black Rose
40%
Horseless Headless Horsemann's Headtaker
40%
Saxxy
40%
Bread Bite
33%
Freedom Staff
33%
Ham Shank
33%
Sharp Dresser
33%
Bat Outta Hell
27%
Memory Maker
27%
Prinny Machete
27%
Crossing Guard
20%
Necro Smasher
20%
No matching quizzes found
Score Distribution
Percent of People with Each Score
Percentile by Number Answered
Your Score History
You have not taken this quiz